[Event "24. European Club Cup 2008"]
[Site "Kallithea GRE"]
[Date "2008.10.22"]
[Round "6.11"]
[White "Stocek, Jiri"]
[Black "Borisek, Jure"]
[Result "1/2-1/2"]
[WhiteElo "2578"]
[BlackElo "2548"]
[PlyCount "119"]
[EventDate "2008.10.17"]
[EventType "team-swiss"]
[EventRounds "7"]
[EventCountry "GRE"]
[Source "lmi"]
[SourceDate "2008.10.17"]
[WhiteTeam "Novoborsky"]
[BlackTeam "Ptuj"]

1. d4 Nf6 2. c4 g6 3. Nc3 d5 4. Nf3 Bg7 5. cxd5 Nxd5 6. e4 Nxc3 7. bxc3 c5 8.
Be3 Qa5 9. Bd2 Bg4 10. Be2 O-O 11. O-O e6 12. a4 Nc6 13. Rb1 cxd4 14. cxd4 Qd8
15. Bg5 Qd7 16. d5 exd5 17. exd5 Bxf3 18. Bxf3 Nd4 19. Rb4 Nxf3+ 20. Qxf3 Rfe8
21. h4 Rac8 22. Re4 Rxe4 23. Qxe4 Re8 24. Qc4 Rc8 25. Qe4 Re8 26. Qc4 Rc8 27.
Qb5 Qxb5 28. axb5 Be5 29. Re1 Bd6 30. Bf6 Kf8 31. g3 Rc5 32. Bg5 f6 33. Bxf6
Rxb5 34. Rd1 a5 35. Rd4 Rb1+ 36. Kg2 b5 37. Kf3 a4 38. Rd2 Kf7 39. Bd4 Rb4 40.
Ke3 a3 41. Rc2 Ra4 42. Rc6 a2 43. Ba1 Ke7 44. Kd2 Ra3 45. Rb6 b4 46. Rb7+ Ke8
47. Rxh7 Rf3 48. Ke2 Rf5 49. f4 Be7 50. Rh8+ Kd7 51. Ra8 b3 52. Rb8 Bf6 53.
Rxb3 Bxa1 54. Ra3 Rxd5 55. Rxa2 Bf6 56. Rd2 Rxd2+ 57. Kxd2 Ke6 58. Ke3 Bd8 59.
Kf3 Be7 60. Kg4 1/2-1/2

[Event "24. European Club Cup 2008"]
[Site "Kallithea GRE"]
[Date "2008.10.22"]
[Round "6.11"]
[White "Maksimenko, Andrei"]
[Black "Markos, Jan"]
[Result "1/2-1/2"]
[WhiteElo "2536"]
[BlackElo "2557"]
[PlyCount "56"]
[EventDate "2008.10.17"]
[EventType "team-swiss"]
[EventRounds "7"]
[EventCountry "GRE"]
[Source "lmi"]
[SourceDate "2008.10.17"]
[WhiteTeam "Ptuj"]
[BlackTeam "Novoborsky"]

1. Nf3 Nf6 2. c4 e6 3. Nc3 Bb4 4. Qc2 c5 5. a3 Ba5 6. g3 O-O 7. Bg2 d5 8. O-O
dxc4 9. Na4 Qd5 10. Nxc5 Qxc5 11. b4 Qb5 12. bxa5 Nc6 13. Rb1 Qa6 14. Bb2 Nxa5
15. Ng5 h6 16. Bxf6 gxf6 17. Qc3 hxg5 18. Qxf6 Bd7 19. Qxg5+ Kh7 20. Qh4+ Kg8
21. Qg4+ Kh7 22. Qh5+ Kg7 23. Qg5+ Kh7 24. Rfc1 Rad8 25. Qh5+ Kg7 26. Qg5+ Kh7
27. Qh5+ Kg7 28. Qg5+ Kh7 1/2-1/2

[Event "24. European Club Cup 2008"]
[Site "Kallithea GRE"]
[Date "2008.10.22"]
[Round "6.11"]
[White "Haba, Petr"]
[Black "Polajzer, Danilo"]
[Result "1-0"]
[WhiteElo "2546"]
[BlackElo "2360"]
[PlyCount "87"]
[EventDate "2008.10.17"]
[EventType "team-swiss"]
[EventRounds "7"]
[EventCountry "GRE"]
[Source "lmi"]
[SourceDate "2008.10.17"]
[WhiteTeam "Novoborsky"]
[BlackTeam "Ptuj"]

1. d4 d5 2. c4 c6 3. Nf3 Nf6 4. Nc3 e6 5. Bg5 Nbd7 6. e3 Qa5 7. cxd5 Nxd5 8.
Qd2 Bb4 9. Rc1 h6 10. Bh4 c5 11. a3 Bxc3 12. bxc3 b6 13. c4 Qxd2+ 14. Nxd2 N5f6
15. f3 Bb7 16. Be2 Rc8 17. O-O g5 18. Bf2 Ke7 19. a4 Bc6 20. Ra1 Ne8 21. Nb3
Nd6 22. dxc5 Nxc5 23. Nxc5 bxc5 24. e4 Bb7 25. Rfc1 Ba6 26. g4 f6 27. Rab1 Rhd8
28. a5 Nb7 29. Rc2 Rd7 30. h4 e5 31. Rcb2 Nd8 32. hxg5 hxg5 33. Bd1 Ne6 34. Ba4
Rd6 35. Be3 Nd4 36. Kg2 Rc7 37. Rh1 Ke6 38. Rh6 Rg7 39. Rb8 Bxc4 40. Kf2 Ba6
41. Re8+ Kf7 42. Rxe5 Ne6 43. Rf5 Nf4 44. e5 1-0

[Event "24. European Club Cup 2008"]
[Site "Kallithea GRE"]
[Date "2008.10.22"]
[Round "6.11"]
[White "Podkriznik, Gregor"]
[Black "Simacek, Pavel"]
[Result "0-1"]
[WhiteElo "2372"]
[BlackElo "2477"]
[PlyCount "126"]
[EventDate "2008.10.17"]
[EventType "team-swiss"]
[EventRounds "7"]
[EventCountry "GRE"]
[Source "lmi"]
[SourceDate "2008.10.17"]
[WhiteTeam "Ptuj"]
[BlackTeam "Novoborsky"]

1. d4 d5 2. Nf3 Nf6 3. c4 dxc4 4. e3 a6 5. Bxc4 c5 6. O-O e6 7. a4 Nc6 8. Nc3
cxd4 9. exd4 Be7 10. Bg5 O-O 11. Re1 Nd5 12. Bxe7 Ncxe7 13. Ne5 Nf6 14. Qd2 Qd6
15. Rad1 Bd7 16. b3 Rad8 17. f3 Bc6 18. Ne4 Bxe4 19. fxe4 Nc6 20. Nxc6 Qxc6 21.
d5 exd5 22. exd5 Qc5+ 23. Qf2 Qxf2+ 24. Kxf2 Rd7 25. a5 Rfd8 26. Rd4 Kf8 27.
Red1 Ke7 28. b4 Kd6 29. b5 axb5 30. Bxb5 Rc7 31. a6 Rc5 32. Be2 bxa6 33. Bxa6
Ra8 34. Be2 Ra2 35. Kf1 Rcc2 36. Re1 Kc5 37. Rdd1 Ng4 38. Rc1 Ne3+ 39. Kg1 Kxd5
40. Rxc2 Rxc2 41. Bf3+ Kd4 42. Re2 Rxe2 43. Bxe2 g5 44. Kf2 f5 45. g3 Nc4 46.
Bd1 Ne5 47. h3 Nd3+ 48. Kf3 h6 49. Ba4 Nc5 50. Bc2 Ne4 51. Ba4 Ke5 52. Bc6 Nc5
53. Bb5 Ne6 54. Ba6 h5 55. Bc8 Nc5 56. Ke3 Ne6 57. Kf3 h4 58. gxh4 gxh4 59. Bb7
Nf4 60. Kf2 Nxh3+ 61. Kf3 Ng5+ 62. Kf2 Kf4 63. Bc6 h3 0-1

[Event "24. European Club Cup 2008"]
[Site "Kallithea GRE"]
[Date "2008.10.22"]
[Round "6.11"]
[White "Cvek, Robert"]
[Black "Roskar, Robert"]
[Result "1/2-1/2"]
[WhiteElo "2532"]
[BlackElo "2269"]
[PlyCount "151"]
[EventDate "2008.10.17"]
[EventType "team-swiss"]
[EventRounds "7"]
[EventCountry "GRE"]
[Source "lmi"]
[SourceDate "2008.10.17"]
[WhiteTeam "Novoborsky"]
[BlackTeam "Ptuj"]

1. Nf3 Nf6 2. c4 e6 3. Nc3 Bb4 4. Qc2 d5 5. a3 Be7 6. d4 O-O 7. cxd5 exd5 8.
Bg5 Re8 9. e3 Nbd7 10. Bd3 Nf8 11. O-O c6 12. b4 a6 13. h3 Ne4 14. Bf4 Nxc3 15.
Qxc3 Bd6 16. Bxd6 Qxd6 17. a4 Qh6 18. b5 Bxh3 19. gxh3 Qxh3 20. Nh2 Re6 21. Qd2
Ng6 22. f3 Nh4 23. Rae1 axb5 24. axb5 f5 25. Kh1 Rh6 26. f4 Nf3 27. Rxf3 Qxf3+
28. Qg2 Qh5 29. bxc6 bxc6 30. Rg1 Rg6 31. Qc2 Rxg1+ 32. Kxg1 Qh3 33. Nf1 Ra1
34. Kf2 Qh4+ 35. Kg2 Qg4+ 36. Ng3 Rg1+ 37. Kxg1 Qxg3+ 38. Kf1 Qxe3 39. Bxf5
Qxd4 40. Bxh7+ Kf8 41. Qf5+ Ke7 42. Qg5+ Kd6 43. Qd8+ Kc5 44. Qa5+ Kd6 45. Qa3+
c5 46. Qa6+ Kc7 47. Qa7+ Kc6 48. Qa8+ Kc7 49. Qa7+ Kc6 50. Ke2 Qxf4 51. Qxg7 c4
52. Qa7 Qh2+ 53. Kd1 Qh1+ 54. Kc2 Qg2+ 55. Kb1 Qf1+ 56. Kb2 Qe2+ 57. Bc2 Qe5+
58. Ka2 Qe2 59. Qa8+ Kd6 60. Qd8+ Kc5 61. Qc7+ Kd4 62. Kb2 Qe6 63. Qa7+ Ke5 64.
Kc3 Qd6 65. Qe3+ Kf6 66. Qh6+ Ke7 67. Qg7+ Kd8 68. Kd4 Qd7 69. Qf8+ Kc7 70. Bf5
Qd6 71. Qc8+ Kb6 72. Be6 Qc6 73. Qd8+ Qc7 74. Qf8 c3 75. Qb4+ Ka7 76. Qa4+
1/2-1/2

[Event "24. European Club Cup 2008"]
[Site "Kallithea GRE"]
[Date "2008.10.22"]
[Round "6.13"]
[White "Andriasian, Zaven"]
[Black "Socko, Bartosz"]
[Result "1/2-1/2"]
[WhiteElo "2561"]
[BlackElo "2631"]
[PlyCount "49"]
[EventDate "2008.10.17"]
[EventType "team-swiss"]
[EventRounds "7"]
[EventCountry "GRE"]
[Source "lmi"]
[SourceDate "2008.10.17"]
[WhiteTeam "FIMA"]
[BlackTeam "Baden"]

1. e4 e5 2. Nf3 Nc6 3. Bc4 Bc5 4. c3 Nf6 5. d3 d6 6. O-O a6 7. Bb3 Ba7 8. Nbd2
O-O 9. h3 Be6 10. Re1 Bxb3 11. Qxb3 Rb8 12. Nf1 Qd7 13. Ng3 Rfe8 14. Nh2 Qe6
15. Qd1 d5 16. Qf3 dxe4 17. dxe4 Ne7 18. Bg5 Nd7 19. Rad1 f6 20. Bc1 Nf8 21. b3
Rbd8 22. Ng4 Kh8 23. h4 Bc5 24. h5 h6 25. Ne3 1/2-1/2

[Event "24. European Club Cup 2008"]
[Site "Kallithea GRE"]
[Date "2008.10.22"]
[Round "6.13"]
[White "Grigoryan, Avetik"]
[Black "Rausis, Igor"]
[Result "0-1"]
[WhiteElo "2513"]
[BlackElo "2480"]
[PlyCount "106"]
[EventDate "2008.10.17"]
[EventType "team-swiss"]
[EventRounds "7"]
[EventCountry "GRE"]
[Source "lmi"]
[SourceDate "2008.10.17"]
[WhiteTeam "FIMA"]
[BlackTeam "Baden"]

1. c4 e6 2. d4 Nf6 3. Nf3 d5 4. g3 dxc4 5. Bg2 Nc6 6. Qa4 Bb4+ 7. Bd2 Bd6 8.
Qxc4 O-O 9. Nc3 e5 10. d5 Nb8 11. O-O Nbd7 12. Rac1 a6 13. a4 Rb8 14. Ng5 b5
15. axb5 axb5 16. Qd3 Nc5 17. Qc2 b4 18. Nce4 Nfxe4 19. Nxe4 Nxe4 20. Bxe4 f5
21. Bg2 Qe8 22. Be3 Qb5 23. Bc5 b3 24. Qc3 Bb7 25. e4 f4 26. Rfe1 Qd7 27. Qxb3
Ba6 28. Qa3 Bb5 29. b4 h5 30. Rc2 Ra8 31. Qc3 Rf7 32. gxf4 Rxf4 33. Bh3 Qe7 34.
Qg3 Bd7 35. Kh1 Bg4 36. Be3 Bxb4 37. Rec1 Rf3 38. Bxg4 Rxg3 39. Be6+ Kh7 40.
hxg3 Bd6 41. Kg2 g6 42. Rb1 Qf6 43. Rb7 Rf8 44. Rcxc7+ Bxc7 45. Rxc7+ Kh8 46.
f4 exf4 47. gxf4 Qb2+ 48. Kf3 g5 49. d6 g4+ 50. Kg3 Qa3 51. Kf2 Qxd6 52. Rc8
Rxc8 53. Bxc8 Qd1 0-1

[Event "24. European Club Cup 2008"]
[Site "Kallithea GRE"]
[Date "2008.10.22"]
[Round "6.13"]
[White "Siebrecht, Sebastian"]
[Black "Hayrapetian, Arman"]
[Result "1-0"]
[WhiteElo "2451"]
[BlackElo "2402"]
[PlyCount "167"]
[EventDate "2008.10.17"]
[EventType "team-swiss"]
[EventRounds "7"]
[EventCountry "GRE"]
[Source "lmi"]
[SourceDate "2008.10.17"]
[WhiteTeam "Baden"]
[BlackTeam "FIMA"]

1. d4 Nf6 2. c4 g6 3. Nc3 Bg7 4. g3 O-O 5. Bg2 d6 6. Nf3 Nbd7 7. O-O e5 8. e4
c6 9. Re1 exd4 10. Nxd4 Re8 11. h3 a5 12. Bf4 Ne5 13. b3 Nfd7 14. Qd2 Nc5 15.
Bf1 Ne6 16. Bxe5 dxe5 17. Nf3 Qxd2 18. Nxd2 Nd4 19. Red1 Bf8 20. Na4 Bb4 21.
Kg2 Be6 22. c5 Nc2 23. Rac1 Ne1+ 24. Kh1 Bxd2 25. Rxd2 Nf3 26. Re2 Rad8 27. Re3
Nd4 28. Rd1 Kf8 29. Kg2 Ke7 30. Rc1 f5 31. exf5 Bd5+ 32. f3 Kf6 33. fxg6 Nf5
34. Ree1 Rg8 35. Kf2 Rxg6 36. g4 Nd4 37. Re3 h5 38. Nc3 hxg4 39. fxg4 Rf8 40.
Bg2 Ke6+ 41. Kg1 Bxg2 42. Kxg2 Rgf6 43. Rce1 Rf2+ 44. Kg1 Kd7 45. Rxe5 Rc2 46.
Rd1 Rxc3 47. Rxd4+ Kc8 48. Kg2 Rff3 49. Re8+ Kc7 50. Re7+ Kc8 51. Rde4 Kb8 52.
h4 Rg3+ 53. Kf2 Rh3 54. Re3 Rc2+ 55. Re2 Rxc5 56. h5 Rg5 57. R7e3 Rh4 58. Re4
Rhxg4 59. Rxg4 Rxg4 60. Kf3 Rh4 61. Re5 Kc7 62. Kg3 Rh1 63. Kg4 Kd6 64. Rxa5 b5
65. b4 Ke7 66. Kg5 Kf7 67. Ra7+ Kg8 68. h6 Kh8 69. Kg6 Rg1+ 70. Kf6 Rc1 71. Rc7
Rc4 72. a3 Rc3 73. Ra7 Rc4 74. Ra5 Re4 75. Ra6 Rc4 76. Ra5 Re4 77. Kf5 Re3 78.
Ra6 Kh7 79. Rxc6 Rxa3 80. Rb6 Rf3+ 81. Ke4 Rh3 82. Kd5 Rh4 83. Kc5 Rh5+ 84. Kc6
1-0

[Event "24. European Club Cup 2008"]
[Site "Kallithea GRE"]
[Date "2008.10.22"]
[Round "6.13"]
[White "Hambardzumian, Yuri"]
[Black "Brandner, Stefan"]
[Result "1-0"]
[WhiteElo "2355"]
[BlackElo "2296"]
[PlyCount "43"]
[EventDate "2008.10.17"]
[EventType "team-swiss"]
[EventRounds "7"]
[EventCountry "GRE"]
[Source "lmi"]
[SourceDate "2008.10.17"]
[WhiteTeam "FIMA"]
[BlackTeam "Baden"]

1. e4 e5 2. Nf3 Nc6 3. Bb5 a6 4. Ba4 Nf6 5. d3 b5 6. Bb3 Be7 7. O-O O-O 8. a4
Rb8 9. axb5 axb5 10. Nc3 d6 11. h3 Be6 12. Nd5 Nd4 13. Nxd4 exd4 14. Ra7 Nxd5
15. exd5 Bf5 16. Bd2 Ra8 17. Qa1 Re8 18. Re1 Kf8 19. Qa5 Rxa7 20. Qxa7 Bg5 21.
Rxe8+ Kxe8 22. Ba5 1-0

[Event "24. European Club Cup 2008"]
[Site "Kallithea GRE"]
[Date "2008.10.22"]
[Round "6.13"]
[White "Sulyok, Michael"]
[Black "Khalikian, Hovik"]
[Result "0-1"]
[WhiteElo "2227"]
[BlackElo "2360"]
[PlyCount "93"]
[EventDate "2008.10.17"]
[EventType "team-swiss"]
[EventRounds "7"]
[EventCountry "GRE"]
[Source "lmi"]
[SourceDate "2008.10.17"]
[WhiteTeam "Baden"]
[BlackTeam "FIMA"]

1. c4 e6 2. g3 d5 3. Bg2 c6 4. Qc2 Nd7 5. Nf3 Bd6 6. d4 Ne7 7. O-O O-O 8. Nbd2
f5 9. b3 b5 10. Bb2 Nf6 11. Ne5 Bd7 12. e3 Be8 13. Nd3 Ne4 14. f3 Nxd2 15. Qxd2
bxc4 16. bxc4 dxc4 17. Nf2 Nd5 18. Nd1 Rb8 19. e4 Nb6 20. Nc3 Bb4 21. Qe3 c5
22. d5 Na4 23. Nxa4 Bxa4 24. Be5 exd5 25. Bxb8 d4 26. Qc1 Qxb8 27. Qxc4+ Kh8
28. Rfb1 Bb5 29. Qc1 fxe4 30. fxe4 Qe8 31. a3 Bc3 32. Ra2 Bd3 33. Rb7 Bxe4 34.
Re2 Bxb7 35. Rxe8 Rxe8 36. Qg5 Bxg2 37. Kxg2 d3 38. Qxc5 Rd8 39. Qg5 Bf6 40.
Qd2 h6 41. h4 Bc3 42. Qd1 d2 43. h5 a5 44. Kh3 a4 45. Kg4 Bb2 46. Kf5 Bxa3 47.
Kg6 0-1

[Event "24. European Club Cup 2008"]
[Site "Kallithea GRE"]
[Date "2008.10.22"]
[Round "6.14"]
[White "Parker, Jonathan"]
[Black "Skytte, Rasmus"]
[Result "1/2-1/2"]
[WhiteElo "2538"]
[BlackElo "2392"]
[PlyCount "39"]
[EventDate "2008.10.17"]
[EventType "team-swiss"]
[EventRounds "7"]
[EventCountry "GRE"]
[Source "lmi"]
[SourceDate "2008.10.17"]
[WhiteTeam "Barbican"]
[BlackTeam "Aarhus"]

1. d4 d5 2. c4 c6 3. Nc3 Nf6 4. e3 a6 5. Nf3 b5 6. b3 Bg4 7. Be2 e6 8. O-O Bd6
9. h3 Bh5 10. Bb2 O-O 11. Ne5 Bxe2 12. Nxe2 bxc4 13. bxc4 Nbd7 14. Rc1 Qb8 15.
Nxd7 Nxd7 16. Rb1 Qc7 17. Qc2 Rfb8 18. Bc3 Rxb1 19. Rxb1 Rb8 20. Rxb8+ 1/2-1/2

[Event "24. European Club Cup 2008"]
[Site "Kallithea GRE"]
[Date "2008.10.22"]
[Round "6.14"]
[White "Sorensen, Jan"]
[Black "Collins, Sam E"]
[Result "1-0"]
[WhiteElo "2416"]
[BlackElo "2412"]
[PlyCount "107"]
[EventDate "2008.10.17"]
[EventType "team-swiss"]
[EventRounds "7"]
[EventCountry "GRE"]
[Source "lmi"]
[SourceDate "2008.10.17"]
[WhiteTeam "Aarhus"]
[BlackTeam "Barbican"]

1. e4 Nf6 2. Nc3 d5 3. exd5 Nxd5 4. Bc4 Nb6 5. Bb3 Nc6 6. Qf3 e6 7. Nge2 Be7 8.
d3 O-O 9. a3 e5 10. Qh5 Nd4 11. Nxd4 Qxd4 12. Be3 Qg4 13. Qxe5 Qxg2 14. O-O-O
Bf6 15. Qxc7 Bf5 16. Rhg1 Qf3 17. Rg3 Qc6 18. Qxc6 bxc6 19. Ne4 Bh4 20. Rdg1
Bg6 21. Bg5 Bxg5+ 22. Rxg5 Rfe8 23. f3 a5 24. a4 Nd7 25. Kd2 Kf8 26. Nc5 Nf6
27. Re1 Rxe1 28. Kxe1 Re8+ 29. Ne4 Nd5 30. Bxd5 cxd5 31. Rxd5 f5 32. Rxa5 fxe4
33. fxe4 Rb8 34. b3 Ke7 35. Kd2 Rf8 36. Ra7+ Kd6 37. Ke3 Rf1 38. b4 Rh1 39. c4
Rxh2 40. c5+ Ke5 41. c6 Bh5 42. d4+ Kd6 43. d5 g5 44. Rxh7 Re2+ 45. Kd3 Rxe4
46. Rd7+ Ke5 47. c7 Be2+ 48. Kd2 Ba6 49. b5 Bb7 50. a5 Rd4+ 51. Ke3 Rxd5 52. a6
Bc8 53. Rxd5+ Kxd5 54. a7 1-0

[Event "24. European Club Cup 2008"]
[Site "Kallithea GRE"]
[Date "2008.10.22"]
[Round "6.14"]
[White "D`costa, Lorin A"]
[Black "Jelling, Erik"]
[Result "1-0"]
[WhiteElo "2411"]
[BlackElo "2382"]
[PlyCount "69"]
[EventDate "2008.10.17"]
[EventType "team-swiss"]
[EventRounds "7"]
[EventCountry "GRE"]
[Source "lmi"]
[SourceDate "2008.10.17"]
[WhiteTeam "Barbican"]
[BlackTeam "Aarhus"]

1. d4 f5 2. g3 Nf6 3. Bg2 g6 4. Nh3 Bg7 5. Nf4 d6 6. d5 c6 7. c4 O-O 8. h4 e5
9. dxe6 Qe7 10. h5 gxh5 11. Qc2 Bxe6 12. b3 Na6 13. Bb2 Rad8 14. Nc3 Nb4 15.
Qb1 a5 16. Bf3 d5 17. cxd5 Nfxd5 18. Ncxd5 Bxd5 19. Nxd5 Nxd5 20. Rxh5 Nc3 21.
Qc2 Ne4 22. Bxg7 Kxg7 23. Qc1 Rd5 24. Kf1 Nd2+ 25. Kg2 Nxf3 26. Qh6+ Kg8 27.
exf3 f4 28. Rxd5 cxd5 29. g4 d4 30. Rd1 Qe5 31. Qb6 Rf6 32. Qd8+ Kg7 33. Rxd4
b6 34. Rd7+ Kh6 35. Rd5 1-0

[Event "24. European Club Cup 2008"]
[Site "Kallithea GRE"]
[Date "2008.10.22"]
[Round "6.14"]
[White "Boe, Mads"]
[Black "Ferguson, Mark"]
[Result "1/2-1/2"]
[WhiteElo "2342"]
[BlackElo "2398"]
[PlyCount "23"]
[EventDate "2008.10.17"]
[EventType "team-swiss"]
[EventRounds "7"]
[EventCountry "GRE"]
[Source "lmi"]
[SourceDate "2008.10.17"]
[WhiteTeam "Aarhus"]
[BlackTeam "Barbican"]

1. e4 e5 2. Nc3 Nf6 3. Bc4 Nc6 4. d3 Na5 5. Qf3 c6 6. Nge2 d6 7. O-O Be7 8. Ng3
Bg4 9. Qe3 O-O 10. Bb3 Nxb3 11. axb3 b6 12. Kh1 1/2-1/2

[Event "24. European Club Cup 2008"]
[Site "Kallithea GRE"]
[Date "2008.10.22"]
[Round "6.14"]
[White "Cox, John J"]
[Black "Jacobsen, Bo"]
[Result "0-1"]
[WhiteElo "2381"]
[BlackElo "2301"]
[PlyCount "138"]
[EventDate "2008.10.17"]
[EventType "team-swiss"]
[EventRounds "7"]
[EventCountry "GRE"]
[Source "lmi"]
[SourceDate "2008.10.17"]
[WhiteTeam "Barbican"]
[BlackTeam "Aarhus"]

1. d4 Nf6 2. c4 c5 3. d5 e5 4. Nc3 d6 5. e4 Nbd7 6. g3 Be7 7. h4 a6 8. a4 Nf8
9. Bh3 h6 10. Kf1 Bxh3+ 11. Nxh3 Qc8 12. Kg2 Bd8 13. a5 Bc7 14. f3 N8d7 15. Nf2
Qd8 16. Qa4 O-O 17. h5 Nh7 18. g4 b6 19. axb6 Nxb6 20. Qa2 Qd7 21. Na4 Rfb8 22.
Nxb6 Rxb6 23. Qa4 Qc8 24. Ra2 Qb7 25. Qc2 Bd8 26. Bd2 Qb8 27. Rha1 Bg5 28. Ba5
Rb7 29. Bc3 Rba7 30. Qe2 Qd8 31. Nd3 a5 32. Ra4 g6 33. hxg6 fxg6 34. Qe1 Bh4
35. Nf2 Qf6 36. Qe3 Rf8 37. Rxa5 Rxa5 38. Bxa5 Ng5 39. Nh1 Qxf3+ 40. Qxf3 Rxf3
41. b4 Rc3 42. bxc5 Rc2+ 43. Kf1 dxc5 44. Bc7 Rxc4 45. Bxe5 Nxe4 46. Ra8+ Kf7
47. Ra7+ Ke8 48. Ra8+ Kd7 49. Ra7+ Kc8 50. Ke2 Rc1 51. Kd3 Rxh1 52. Kc4 Rd1 53.
Kb5 Bg3 54. Bxg3 Nxg3 55. Kc6 Kb8 56. Rb7+ Ka8 57. Rb3 Ne4 58. Kc7 Ra1 59. Rb8+
Ka7 60. Rb7+ Ka6 61. Rb6+ Ka5 62. Re6 Ra4 63. d6 Nxd6 64. Kxd6 Rxg4 65. Kxc5 h5
66. Re8 Ka4 67. Kd5 Kb3 68. Rc8 h4 69. Ke5 g5 0-1

[Event "24. European Club Cup 2008"]
[Site "Kallithea GRE"]
[Date "2008.10.22"]
[Round "6.14"]
[White "Ochsner, Bjorn Moller"]
[Black "Taylor, Peter P"]
[Result "0-1"]
[WhiteElo "1974"]
[BlackElo "2254"]
[PlyCount "120"]
[EventDate "2008.10.17"]
[EventType "team-swiss"]
[EventRounds "7"]
[EventCountry "GRE"]
[Source "lmi"]
[SourceDate "2008.10.17"]
[WhiteTeam "Aarhus"]
[BlackTeam "Barbican"]

1. e4 c6 2. d4 d5 3. Nc3 dxe4 4. Nxe4 Bf5 5. Ng3 Bg6 6. h4 h6 7. Nf3 e6 8. h5
Bh7 9. Bd3 Bxd3 10. Qxd3 Nf6 11. Bf4 Bd6 12. Bxd6 Qxd6 13. O-O-O Nbd7 14. Kb1
O-O 15. Ne4 Nxe4 16. Qxe4 Nf6 17. Qe2 Qd5 18. Qe5 Rfd8 19. c3 Rac8 20. Qe3 Nxh5
21. Ne5 Nf6 22. f3 Qd6 23. Rh4 Nd5 24. Qd2 c5 25. Rdh1 cxd4 26. cxd4 Nc3+ 27.
bxc3 Qxe5 28. Rg4 Qf5+ 29. Ka1 Qa5 30. Rxg7+ Kf8 31. Rg4 Qxc3+ 32. Qxc3 Rxc3
33. Rxh6 Rc2 34. Rh5 Rd2 35. Rb5 b6 36. Rb4 Rc8 37. Kb1 Rcc2 38. Ra4 a5 39. g3
Rg2 40. Rg5 Rcf2 41. Rc4 Rb2+ 42. Kc1 Rxa2 43. Kb1 Rad2 44. f4 a4 45. Rb5 a3
46. Rc1 Rxd4 47. Rxb6 Rxg3 48. f5 exf5 49. Rf1 f4 50. Ra6 Rb4+ 51. Ka2 Rb2+ 52.
Ka1 Re3 53. Rxa3 Rxa3+ 54. Kxb2 Ra4 55. Re1 f3 56. Rf1 Rf4 57. Kc2 f2 58. Kd2
Kg7 59. Ke3 Rf5 60. Ke2 Kg6 0-1

[Event "24. European Club Cup 2008"]
[Site "Kallithea GRE"]
[Date "2008.10.22"]
[Round "6.15"]
[White "Riff, Jean-Noel"]
[Black "Gunnarsson, Jon Viktor"]
[Result "1/2-1/2"]
[WhiteElo "2512"]
[BlackElo "2430"]
[PlyCount "125"]
[EventDate "2008.10.17"]
[EventType "team-swiss"]
[EventRounds "7"]
[EventCountry "GRE"]
[Source "lmi"]
[SourceDate "2008.10.17"]
[WhiteTeam "Reichenstein"]
[BlackTeam "Bolungarvik"]

1. e4 c5 2. Nf3 d6 3. d4 cxd4 4. Nxd4 Nf6 5. Nc3 a6 6. Be3 e5 7. Nb3 Be6 8. Be2
Be7 9. O-O O-O 10. a4 Qc7 11. a5 Nbd7 12. Qd2 Rfc8 13. Rfd1 h6 14. f3 Bf8 15.
Nc1 b6 16. axb6 Nxb6 17. Rxa6 Rxa6 18. Bxa6 Nc4 19. Bxc4 Qxc4 20. Nd3 Qc7 21.
Nb4 Qb7 22. Ncd5 Nxd5 23. exd5 Bf5 24. c3 g5 25. h4 gxh4 26. Bxh6 f6 27. Bg5
Qg7 28. Bxh4 Rc4 29. Qe1 e4 30. f4 e3 31. Qxe3 Re4 32. Qg3 Re2 33. Qxg7+ Bxg7
34. Nd3 Kf7 35. b4 Re3 36. Nb2 Rxc3 37. Be1 Rc2 38. Nd3 Bh6 39. g3 Be4 40. Nf2
Bf3 41. Rd3 Be2 42. Rd2 Rxd2 43. Bxd2 Bf3 44. b5 Bxd5 45. Bb4 Ke6 46. Ng4 Bf8
47. Ne3 Be4 48. Bc3 f5 49. Bd4 Be7 50. Kf2 Bd8 51. Ke2 Ba5 52. b6 Kd7 53. Nc4
Bb4 54. Nd2 Bxd2 55. Kxd2 Bf3 56. Kc3 Kc6 57. Be3 Bg4 58. Kb4 Kb7 59. Ka5 Bh3
60. Bd4 Bg4 61. Bf6 Bh3 62. Be7 Bg4 63. Bxd6 1/2-1/2

[Event "24. European Club Cup 2008"]
[Site "Kallithea GRE"]
[Date "2008.10.22"]
[Round "6.15"]
[White "Heimann, Andreas"]
[Black "Arngrimsson, Dagur"]
[Result "1-0"]
[WhiteElo "2428"]
[BlackElo "2392"]
[PlyCount "135"]
[EventDate "2008.10.17"]
[EventType "team-swiss"]
[EventRounds "7"]
[EventCountry "GRE"]
[Source "lmi"]
[SourceDate "2008.10.17"]
[WhiteTeam "Reichenstein"]
[BlackTeam "Bolungarvik"]

1. e4 e5 2. Nf3 Nc6 3. Bc4 Bc5 4. c3 Nf6 5. d3 d6 6. Nbd2 Bb6 7. Bb3 O-O 8. h3
Ne7 9. Nf1 Ng6 10. Ng3 c6 11. O-O Kh8 12. d4 exd4 13. cxd4 d5 14. e5 Ng8 15.
Bc2 f5 16. exf6 Qxf6 17. Bg5 Qf7 18. Qd3 Nf6 19. Rae1 Bd7 20. Ne5 Nxe5 21. dxe5
Ne4 22. Nxe4 dxe4 23. Qg3 Qxa2 24. Bxe4 Bf5 25. Bf6 gxf6 26. Bxf5 Qg8 27. Qh4
fxe5 28. Rxe5 Qg7 29. Bb1 Rf6 30. Rg5 Rh6 31. Rxg7 Rxh4 32. Rxb7 Rf8 33. Re7
Rb4 34. Re2 Bd4 35. Rc1 c5 36. Bd3 a5 37. Rcc2 Rf7 38. Bc4 Ra7 39. b3 a4 40.
bxa4 Raxa4 41. Bd5 Ra7 42. g3 Kg7 43. Kg2 Rb6 44. h4 Rd6 45. Bc4 Rf6 46. Re8
Rf8 47. Re4 Rf6 48. Rce2 Rb7 49. f4 h6 50. Re7+ Rxe7 51. Rxe7+ Kf8 52. Rb7 Rd6
53. Kf3 Bg1 54. Rb1 Bd4 55. g4 Bc3 56. Rb8+ Ke7 57. g5 hxg5 58. hxg5 Rd4 59.
Rb7+ Ke8 60. Bb5+ Kf8 61. g6 Rb4 62. Rf7+ Kg8 63. Bc6 Rd4 64. f5 Rd6 65. Bd7
Rf6 66. Re7 Rd6 67. Be6+ Kf8 68. Rf7+ 1-0

[Event "24. European Club Cup 2008"]
[Site "Kallithea GRE"]
[Date "2008.10.22"]
[Round "6.15"]
[White "Gislason, Gudmundur"]
[Black "Kuehn, Peter Dr"]
[Result "1-0"]
[WhiteElo "2328"]
[BlackElo "2446"]
[PlyCount "85"]
[EventDate "2008.10.17"]
[EventType "team-swiss"]
[EventRounds "7"]
[EventCountry "GRE"]
[Source "lmi"]
[SourceDate "2008.10.17"]
[WhiteTeam "Bolungarvik"]
[BlackTeam "Reichenstein"]

1. d4 d5 2. c4 c6 3. cxd5 cxd5 4. Nc3 Nf6 5. Nf3 Nc6 6. Bf4 a6 7. e3 Bg4 8. Be2
e6 9. Qb3 Na5 10. Qa4+ Nd7 11. Rc1 Nc6 12. O-O Nb6 13. Qd1 Bxf3 14. Bxf3 Bd6
15. Bxd6 Qxd6 16. e4 O-O 17. exd5 exd5 18. a3 Rac8 19. Qd3 Rfd8 20. Ne2 Na5 21.
Rc5 Nac4 22. b4 Qg6 23. Qxg6 hxg6 24. Rc1 Nxa3 25. Nc3 Kf8 26. g3 Rc6 27. Kg2
Rcd6 28. h4 Nac4 29. Nxd5 Nd2 30. Nxb6 Rxb6 31. Rc8 Ke8 32. Bd5 Rxc8 33. Rxc8+
Kd7 34. Rg8 Rxb4 35. Rxg7 Kd6 36. Bxf7 a5 37. Rxg6+ Ke7 38. Bd5 b5 39. Rb6 Nc4
40. Re6+ Kf8 41. h5 Nd2 42. h6 Rxd4 43. Rf6+ 1-0

[Event "24. European Club Cup 2008"]
[Site "Kallithea GRE"]
[Date "2008.10.22"]
[Round "6.15"]
[White "Weindl, Alfred"]
[Black "Einarsson, Halldor"]
[Result "1-0"]
[WhiteElo "2354"]
[BlackElo "2264"]
[PlyCount "107"]
[EventDate "2008.10.17"]
[EventType "team-swiss"]
[EventRounds "7"]
[EventCountry "GRE"]
[Source "lmi"]
[SourceDate "2008.10.17"]
[WhiteTeam "Reichenstein"]
[BlackTeam "Bolungarvik"]

1. e4 e6 2. d3 d5 3. Nd2 c5 4. Ngf3 Nc6 5. g3 g6 6. Bg2 Bg7 7. O-O Nge7 8. Re1
b6 9. exd5 exd5 10. d4 O-O 11. dxc5 bxc5 12. Nb3 Qb6 13. c3 Rd8 14. Be3 d4 15.
cxd4 c4 16. Nbd2 Qxb2 17. Nxc4 Qb4 18. Nfe5 Nxe5 19. Nxe5 Rb8 20. Rb1 Qxb1 21.
Qxb1 Rxb1 22. Rxb1 Be6 23. a4 h5 24. a5 Nf5 25. Nc6 Rd7 26. Nb8 Rd6 27. d5 Bxd5
28. Bxa7 Bxg2 29. Kxg2 Rd2 30. Nc6 Ra2 31. Rb8+ Kh7 32. Rb7 Bc3 33. Bb6 Kg7 34.
Rd7 g5 35. Rd3 Bf6 36. Nb4 Ra4 37. Nd5 Be5 38. Ne3 Ne7 39. Rd7 Nc6 40. Rd5 f6
41. Rc5 Ne7 42. Nc4 Bb8 43. Bd8 Kf7 44. Nb6 Ra2 45. Nd5 Bd6 46. Rb5 Nc6 47.
Bxf6 Ke6 48. Nc3 Rc2 49. Ne4 Re2 50. Nxd6 Kxf6 51. a6 g4 52. Rb6 Ne5 53. Nc4+
Kg7 54. Re6 1-0